[Event "Catanzaro Province-ch"]
[Site "Catanzaro"]
[Date "2013.01.19"]
[Round "2"]
[White "D'Elia, Mario Domenico"]
[Black "De Zerbi, Sergio"]
[Result "0-1"]
[WhiteElo "1527"]
[BlackElo "1690"]
[PlyCount "44"]
[EventDate "2013.01.18"]
[EventType "swiss"]
[EventRounds "5"]
[EventCountry "ITA"]
[SourceTitle "EXT 2014"]
[Source "ChessBase"]
[SourceDate "2013.11.20"]
[SourceVersion "1"]
[SourceVersionDate "2013.11.20"]
[SourceQuality "1"]

1. e4 c5 2. c3 d5 3. exd5 Qxd5 4. d3 Nc6 5. Be3 e5 6. Nd2 Nf6 7. h3 Bf5 8. Qc2 Be7 9. c4 Qd7 10. Qc3 0-0-0 11. Ngf3 Rhe8 12. Ng5 Bg6 13. a3 h6 14. Nge4 Nd4 15. b4 Nxe4 16. Nxe4 Bxe4 17. dxe4 cxb4 18. Qb2 bxa3 19. Qa2 Bb4+ 20. Kd1 Qa4+ 21. Kc1 Nb3+ 22. Kb1 Rd1+ 0-1

[Event "Catanzaro Province-ch"]
[Site "Catanzaro"]
[Date "2013.01.19"]
[Round "3"]
[White "De Zerbi, Sergio"]
[Black "Grillo, Gianluca"]
[Result "1-0"]
[WhiteElo "1690"]
[BlackElo "1335"]
[PlyCount "81"]
[EventDate "2013.01.18"]
[EventType "swiss"]
[EventRounds "5"]
[EventCountry "ITA"]
[SourceTitle "EXT 2014"]
[Source "ChessBase"]
[SourceDate "2013.11.20"]
[SourceVersion "1"]
[SourceVersionDate "2013.11.20"]
[SourceQuality "1"]

1. d4 d5 2. Nf3 Nc6 3. c4 e5 4. Nxe5 Nxe5 5. dxe5 Bb4+ 6. Bd2 Bxd2+ 7. Qxd2 d4 8. g3 Ne7 9. Bg2 Ng6 10. f4 c6 11. Na3 Rb8 12. Nc2 c5 13. 0-0 Bf5 14. e4 Be6 15. b3 Bd7 16. Ne1 b5 17. Nd3 bxc4 18. bxc4 Ne7 19. Nxc5 Be6 20. Nxe6 fxe6 21. f5 exf5 22. exf5 d3 23. Rab1 Rxb1 24. Rxb1 Qd4+ 25. Kh1 Nxf5 26. Bc6+ Kf7 27. Qg5 Qxe5 28. Rb7+ Ke6 29. Bd7+ Kd6 30. Qxf5 Qxf5 31. Bxf5 d2 32. Rd7+ Ke5 33. Bc2 Rf8 34. Rxd2 Rf1+ 35. Kg2 Ra1 36. Bxh7 Rc1 37. Rc2 Rxc2+ 38. Bxc2 a5 39. Kf3 g5 40. Ke3 Kd6 41. Kd4 1-0

[Event "Cutro op-B 15th"]
[Site "Cutro"]
[Date "2009.04.25"]
[Round "6"]
[White "De Zerbi, Sergio"]
[Black "Soluri, Francesco"]
[Result "1-0"]
[WhiteElo "1612"]
[BlackElo "1500"]
[PlyCount "89"]
[EventDate "2009.04.20"]
[EventType "swiss"]
[EventRounds "7"]
[EventCountry "ITA"]
[SourceTitle "EXT 2011"]
[Source "ChessBase"]
[SourceDate "2010.11.26"]
[SourceVersion "1"]
[SourceVersionDate "2010.11.26"]
[SourceQuality "1"]

1. e4 c5 2. c3 e5 3. d4 Nc6 4. d5 Nce7 5. Nf3 d6 6. Bb5+ Bd7 7. Bxd7+ Qxd7 8. c4 g6 9. Nc3 Bg7 10. 0-0 Nh6 11. h3 0-0 12. Bd2 f5 13. Ng5 f4 14. Ne6 Rf6 15. f3 Nf7 16. Nb5 a6 17. Nbc7 Ra7 18. b4 b6 19. Nxg7 Rxc7 20. Ne6 Rb7 21. bxc5 bxc5 22. Be1 Nd8 23. Bh4 Rf7 24. Nxd8 Qxd8 25. Qa4 Rb6 26. Rab1 Qb8 27. Rxb6 Qxb6 28. Qe8+ Kg7 29. Bxe7 Qc7 30. Bd8 Qb7 31. Qc6 Qb8 32. Bh4 h6 33. Qxa6 Rb7 34. Qa4 g5 35. Bf2 Ra7 36. Qb3 Rb7 37. Qa4 Ra7 38. Qb5 Rb7 39. Qc6 Kg6 40. Bxc5 Kh5 41. Bxd6 Qa7+ 42. Bc5 Qb8 43. d6 Rg7 44. d7 Qd8 45. Rd1 1-0

[Event "Cutro op-B 15th"]
[Site "Cutro"]
[Date "2009.04.24"]
[Round "5"]
[White "Virelli, Salvatore"]
[Black "De Zerbi, Sergio"]
[Result "0-1"]
[WhiteElo "1467"]
[BlackElo "1612"]
[PlyCount "94"]
[EventDate "2009.04.20"]
[EventType "swiss"]
[EventRounds "7"]
[EventCountry "ITA"]
[SourceTitle "EXT 2011"]
[Source "ChessBase"]
[SourceDate "2010.11.26"]
[SourceVersion "1"]
[SourceVersionDate "2010.11.26"]
[SourceQuality "1"]

1. e4 c5 2. Nf3 a6 3. d4 cxd4 4. Nxd4 e5 5. Nf3 Nf6 6. Bg5 Qa5+ 7. Bd2 Qb6 8. Nc3 Bc5 9. Qe2 d6 10. Na4 Qc6 11. Nxc5 Qxc5 12. 0-0-0 Be6 13. Kb1 h6 14. h3 Nbd7 15. Qd3 d5 16. exd5 e4 17. Qc3 Qxd5 18. b3 exf3 19. Bc4 Qc6 20. Bxe6 fxe6 21. Qxc6 bxc6 22. gxf3 Kf7 23. Rhg1 a5 24. Bc3 Rhg8 25. Bxf6 Nxf6 26. Rd3 a4 27. c4 axb3 28. axb3 Ra3 29. Kb2 Rga8 30. Kc3 Ra2 31. Rf1 Ke7 32. Rd2 Nh5 33. Rd4 Re2 34. c5 Ra5 35. Kd3 Raa2 36. Kc4 Rxf2 37. Rxf2 Rxf2 38. Rd6 Nf4 39. Rxc6 Nd5 40. b4 Rxf3 41. Ra6 Rf4+ 42. Kb3 Rxb4+ 43. Ka3 Rb5 44. Ra7+ Kf6 45. c6 Rc5 46. Ra6 g5 47. Kb3 h5 0-1

[Event "KR Province-ch"]
[Site "Cutro"]
[Date "2008.12.06"]
[Round "3"]
[White "Rotunno, Giuseppe"]
[Black "De Zerbi, Sergio"]
[Result "1-0"]
[WhiteElo "1946"]
[BlackElo "1600"]
[PlyCount "121"]
[EventDate "2008.12.05"]
[EventType "swiss"]
[EventRounds "5"]
[EventCountry "ITA"]
[SourceTitle "EXT 2011"]
[Source "ChessBase"]
[SourceDate "2010.11.26"]
[SourceVersion "1"]
[SourceVersionDate "2010.11.26"]
[SourceQuality "1"]

1. d4 d5 2. Nf3 Nf6 3. c4 c6 4. Nc3 g6 5. Bg5 Bg7 6. e3 0-0 7. Bd3 Bg4 8. h3 Bxf3 9. Qxf3 e6 10. cxd5 cxd5 11. 0-0 a6 12. e4 h6 13. Be3 dxe4 14. Nxe4 Nxe4 15. Qxe4 Nc6 16. Rad1 Qe7 17. d5 exd5 18. Qxd5 Rad8 19. Qb3 Kh7 20. Rfe1 Qb4 21. Qxb4 Nxb4 22. Bb1 Rfe8 23. Bc5 Rxe1+ 24. Rxe1 Nc6 25. Be4 Bxb2 26. Rb1 Be5 27. g3 Rb8 28. Kg2 Kg8 29. f4 Bc7 30. Be3 Na5 31. Bb6 Bxb6 32. Rxb6 Nc4 33. Rxb7 Rxb7 34. Bxb7 a5 35. Kf3 Kg7 36. Ba6 Nd6 37. g4 Kf6 38. Ke3 Ke6 39. Kd4 f5 40. Bd3 Kf6 41. Kd5 Ne8 42. Kc5 Nc7 43. gxf5 gxf5 44. Kb6 Nd5+ 45. Kxa5 Nxf4 46. Bf1 Nd5 47. a3 Ke5 48. Kb5 Kd6 49. Bg2 f4 50. Bf3 Nc7+ 51. Kc4 Ne6 52. h4 Ke5 53. a4 Kd6 54. a5 Kc7 55. Kd5 Kd7 56. Bg4 f3 57. Bxe6+ Kc7 58. Bh3 Kb7 59. Bf1 f2 60. Ke4 Kc7 61. Kf3 1-0

[Event "Cutro op-B 14th"]
[Site "Cutro"]
[Date "2008.04.28"]
[Round "4"]
[White "De Zerbi, Sergio"]
[Black "Soluri, Francesco"]
[Result "0-1"]
[WhiteElo "1440"]
[BlackElo "1452"]
[PlyCount "80"]
[EventDate "2008.04.25"]
[EventType "swiss"]
[EventRounds "7"]
[EventCountry "ITA"]
[SourceTitle "EXT 2009"]
[Source "ChessBase"]
[SourceDate "2008.11.26"]
[SourceVersion "1"]
[SourceVersionDate "2008.11.26"]
[SourceQuality "1"]

1. e4 c5 2. Nf3 e6 3. d4 cxd4 4. Nxd4 Qc7 5. Nc3 a6 6. g3 Bb4 7. Bd2 Nc6 8. Nxc6 bxc6 9. a3 Bxc3 10. Bxc3 e5 11. Qh5 d6 12. Rd1 Nf6 13. Qg5 0-0 14. Bg2 Be6 15. 0-0 Rfd8 16. Qe3 Rd7 17. Qd2 a5 18. f4 Qb6+ 19. Kh1 Ng4 20. Rf3 f6 21. Bh3 h5 22. f5 Bf7 23. Bxg4 hxg4 24. Rd3 d5 25. b3 a4 26. Bb2 axb3 27. cxb3 Rad8 28. Qe2 d4 29. b4 Bc4 30. Qxg4 Bxd3 31. Rxd3 c5 32. Bc1 c4 33. Rf3 c3 34. Qg6 Qc6 35. Qg4 d3 36. Bh6 d2 37. Rd3 c2 38. Bxd2 Rxd3 39. Bh6 c1Q+ 40. Kg2 Qxh6 0-1

[Event "Cutro op-B 14th"]
[Site "Cutro"]
[Date "2008.04.27"]
[Round "3"]
[White "Frontera, Domenico"]
[Black "De Zerbi, Sergio"]
[Result "1-0"]
[WhiteElo "1659"]
[BlackElo "1440"]
[PlyCount "163"]
[EventDate "2008.04.25"]
[EventType "swiss"]
[EventRounds "7"]
[EventCountry "ITA"]
[SourceTitle "EXT 2009"]
[Source "ChessBase"]
[SourceDate "2008.11.26"]
[SourceVersion "1"]
[SourceVersionDate "2008.11.26"]
[SourceQuality "1"]

1. e4 e6 2. d4 d5 3. Nc3 Bb4 4. Nge2 Nc6 5. e5 Nge7 6. a3 Ba5 7. Ng3 Bxc3+ 8. bxc3 Bd7 9. f4 Na5 10. Bd3 Rc8 11. 0-0 c5 12. Qg4 g6 13. f5 exf5 14. Nxf5 Nxf5 15. Bxf5 Bxf5 16. Rxf5 Qd7 17. e6 fxe6 18. Re5 0-0 19. Rxe6 Qf7 20. h4 Qf2+ 21. Kh2 Qf5 22. Qe2 Qf2 23. Qe5 Qxh4+ 24. Kg1 Rf5 25. Re8+ Kf7 26. Qe6+ Kg7 27. Re7+ Kf8 28. Rxh7 Qxh7 29. Qxc8+ Kg7 30. Qc7+ Rf7 31. Qxa5 b6 32. Qb5 Qh4 33. Be3 Qg3 34. Qd3 Kg8 35. dxc5 bxc5 36. Rb1 d4 37. cxd4 c4 38. Rb8+ Kh7 39. Qd2 Qxb8 40. d5 Qb1+ 41. Kh2 Rf1 42. d6 Rh1+ 43. Kg3 Qe1+ 44. Qxe1 Rxe1 45. Kf4 Kg7 46. c3 Kf6 47. Bxa7 Ke6 48. Bc5 Rc1 49. Bb4 Rc2 50. g4 Re2 51. Kg5 Kf7 52. a4 Rb2 53. Bc5 Ke6 54. Kxg6 Rb3 55. Bd4 Ra3 56. g5 Rxa4 57. Kh7 Ra5 58. g6 Rh5+ 59. Kg8 Kxd6 60. Kf7 Rf5+ 61. Bf6 Rf3 62. g7 Rg3 63. g8Q Rxg8 64. Kxg8 Ke6 65. Bd4 Ke7 66. Kg7 Ke6 67. Kg6 Kd6 68. Kf5 Kd5 69. Kf4 Ke6 70. Bh8 Kd5 71. Ke3 Kc5 72. Ke4 Kd6 73. Kd4 Kc6 74. Kxc4 Kb6 75. Kd5 Kc7 76. Kc5 Kb7 77. Kd6 Kc8 78. c4 Kb7 79. Kd7 Kb6 80. Bd4+ Kb7 81. c5 Kb8 82. c6 1-0